|
|
|
|
| LEADER |
00000nam a2200000 a 4500 |
| 001 |
vtls001475666 |
| 003 |
SK-MaSNL |
| 005 |
20260301163726.0 |
| 008 |
160624s2001 xo 0 und |
| 035 |
|
|
|a SNK000430967
|
| 040 |
|
|
|a SNK
|b slo
|c SNK
|e AACR2
|
| 044 |
|
|
|a xo
|c SK
|
| 245 |
1 |
|
|a STN EN 60335-2-50 Bezpečnosť elektrických spotrebičov pre domácnosť a na podobné účely
|n časť 2-50:
|p osobitné požiadavky na elektricky vyhrievané kúpele na udržiavanie teploty pokrmov pre podniky verejného stravovania
|
| 250 |
|
|
|a [1.vyd.]
|
| 260 |
|
|
|a Bratislava
|b Slovenský ústav technickej normalizácie
|c 2001
|
| 500 |
0 |
|
|a táto norma nahrádza STN EN 60335-2-50 z decembra 2000 v celom rozsahu
|
| 655 |
|
7 |
|a normy
|2 SNK
|9 70643
|
| 999 |
|
|
|c 818005
|d 819935
|
| 952 |
|
|
|t P60, <03>, [BOOK], {603}
|a SNK
|b SNK
|y PREZ
|7 0
|p 17A0429529
|o snkSTN EN 60335-2-50
|i snkN 2413/2004
|0 0
|1 0
|4 0
|d 2004-05-28
|l 0
|r 2005-01-02 00:00:00
|w 2026-02-24
|
| 952 |
|
|
|t }
|a SNK
|b SNK
|y PREZ
|7 0
|p 17A0429530
|o snkSTN EN 60335-2-50 D1
|i snkN 2414/2004
|0 0
|1 0
|4 0
|d 2004-05-28
|l 0
|r 2005-01-02 00:00:00
|w 2026-02-24
|